[Event "Yleinen SM 2025"]
[Site "?"]
[Date "2025.04.25"]
[Round "8.4"]
[White "Agopov, Mikael"]
[Black "Nyysti, Sampsa"]
[Result "1-0"]
[WhiteElo "2420"]
[BlackElo "2308"]
[PlyCount "86"]
[EventDate "2025.??.??"]

1. d4 Nf6 2. c4 e6 3. Nc3 Bb4 4. e3 Nc6 5. Bd3 e5 6. Nge2 d5 7. cxd5 Qxd5 8. O-O Qd6 9. e4 O-O 10. d5 Ne7 11. Qb3 c6 12. Rd1 Bc5 13. Na4 cxd5 14. exd5 Nexd5 15. Bg5 Bd4 16. Bc4 Nb6 17. Nxb6 Qxb6 18. Nxd4 exd4 19. Qxb6 axb6 20. Rxd4 Be6 21. Bxf6 gxf6 22. Bxe6 fxe6 23. Rd6 Rfd8 24. Rxe6 Rxa2 25. Rae1 Rxb2 26. Rxf6 Rf8 27. Rxf8+ Kxf8 28. g4 Rc2 29. Kg2 Rc6 30. Rb1 Ke7 31. Kg3 Kd6 32. f3 Kc5 33. h4 b5 34. g5 b4 35. f4 Ra6 36. f5 Ra3+ 37. Kg4 Ra2 38. Rf1 b3 39. f6 Ra8 40. h5 Kc4 41. g6 hxg6 42. hxg6 b2 43. f7 Kd5 1-0

[Event "Yleinen SM 2025"]
[Site "?"]
[Date "2025.04.25"]
[Round "8.5"]
[White "Keinanen, Toivo"]
[Black "Luukkonen, Tommi"]
[Result "1-0"]
[WhiteElo "2531"]
[BlackElo "2237"]
[PlyCount "77"]
[EventDate "2025.??.??"]

1. d4 Nf6 2. Nf3 e6 3. g3 c5 4. Bg2 cxd4 5. O-O d5 6. Nxd4 e5 7. Nb3 a5 8. a4 Be6 9. Nc3 Nc6 10. Bg5 Nb4 11. Nb5 Rc8 12. c3 Nc6 13. e4 dxe4 14. Nd2 e3 15. fxe3 Be7 16. Bxf6 gxf6 17. Ne4 O-O 18. Nbd6 Bxd6 19. Nxd6 Rc7 20. Be4 Ne7 21. Qh5 Ng6 22. Nf5 Bxf5 23. Rxf5 Rc4 24. Qf3 Qe7 25. Rf1 Rxa4 26. h4 Qe6 27. Rxf6 Qe7 28. Qf5 Qc5 29. Qf3 Qe7 30. Bd5 Nf4 31. Rxf7 Rxf7 32. exf4 e4 33. Qh5 Kf8 34. Bxf7 Qxf7 35. Qc5+ Qe7 36. Qc8+ Qe8 37. Qxb7 e3 38. Qxh7 Qe6 39. Rd1 1-0